[Event "Moscow Open A 2014"]
[Site "Moscow RUS"]
[Date "2014.02.02"]
[Round "2.9"]
[White "Krasenkow, Michal"]
[Black "Amanov, Zhanibek"]
[Result "1/2-1/2"]
[WhiteTitle "GM"]
[BlackTitle "IM"]
[WhiteElo "2638"]
[BlackElo "2387"]
[WhiteFideId "1113100"]
[BlackFideId "13700189"]
[EventDate "2014.02.01"]

1. d4 Nf6 2. c4 e6 3. Nf3 b6 4. g3 Ba6 5. Qa4 Bb7 6. Bg2 c5 7. O-O cxd4 8. Nxd4
Bxg2 9. Kxg2 Qc8 10. Bf4 a6 11. Nc3 Qb7+ 12. Kg1 Be7 13. Rfd1 O-O 14. Nf3 Nc6
15. Rd2 Rfc8 16. Rad1 b5 17. cxb5 axb5 18. Qxb5 Qxb5 19. Nxb5 Rxa2 20. Rc1 Rca8
21. e4 Ra1 22. Rxa1 Rxa1+ 23. Kg2 h6 24. h4 d5 25. e5 Ne4 26. Rc2 Bc5 27. Nd6
Nb4 28. Nxe4 dxe4 29. Rxc5 exf3+ 30. Kxf3 Rb1 31. Rc8+ Kh7 32. Rf8 Rxb2 33. Rxf7
Nd3 34. Re7 Rb3 35. Kg2 Rb2 36. Be3 Rb8 37. f4 Kg6 38. h5+ Kf5 39. Rxg7 Ke4 40.
Ba7 Rb2+ 41. Kh3 Kf3 42. Rd7 Rd2 43. Rd6 Rd1 44. Bg1 Nf2+ 45. Kh2 Ng4+ 46. Kh1
Nf2+ 1/2-1/2

[Event "Moscow Open A 2014"]
[Site "Moscow RUS"]
[Date "2014.02.02"]
[Round "2.10"]
[White "Mokshanov, Alexey"]
[Black "Swiercz, Dariusz"]
[Result "0-1"]
[WhiteTitle "FM"]
[BlackTitle "GM"]
[WhiteElo "2424"]
[BlackElo "2630"]
[WhiteFideId "24121657"]
[BlackFideId "1126881"]
[EventDate "2014.02.01"]

1. e4 c5 2. Nf3 d6 3. Bb5+ Nd7 4. O-O a6 5. Bd3 Ngf6 6. c3 b5 7. Bc2 Bb7 8. Re1
c4 9. b4 e5 10. a4 Be7 11. d4 cxd3 12. Bxd3 O-O 13. Nbd2 Nb6 14. a5 Na4 15. Qb3
d5 16. Nxe5 Rc8 17. exd5 Rxc3 18. Qb1 Qxd5 19. Ndf3 Rb3 20. Qc2 Rc8 21. Bc4 bxc4
22. Rxa4 Bxb4 23. Rd1 Qb5 24. Ra2 Be4 25. Qe2 Rb1 0-1

[Event "Moscow Open A 2014"]
[Site "Moscow RUS"]
[Date "2014.02.02"]
[Round "2.11"]
[White "Kokarev, Dmitry"]
[Black "Gorbatov, Alexej"]
[Result "1-0"]
[WhiteTitle "GM"]
[BlackTitle "IM"]
[WhiteElo "2628"]
[BlackElo "2377"]
[WhiteFideId "4132181"]
[BlackFideId "4111834"]
[EventDate "2014.02.01"]

1. e4 c6 2. d4 d5 3. Nc3 dxe4 4. Nxe4 h6 5. Bc4 Bf5 6. Ng3 Bh7 7. N1e2 Nf6 8.
O-O e6 9. f4 Bd6 10. f5 e5 11. dxe5 Qb6+ 12. Kh1 Bxe5 13. Nf4 Nbd7 14. Qf3 O-O
15. Bb3 Rfe8 16. c3 Bd6 17. Ngh5 Ne4 18. Ne6 Ndf6 19. Be3 Ng5 20. Nxg5 Rxe3 21.
Nxf6+ gxf6 22. Qh5 1-0

[Event "Moscow Open A 2014"]
[Site "Moscow RUS"]
[Date "2014.02.02"]
[Round "2.12"]
[White "Aitbayev, Aslan"]
[Black "Volkov, Sergey"]
[Result "1-0"]
[WhiteTitle "IM"]
[BlackTitle "GM"]
[WhiteElo "2419"]
[BlackElo "2627"]
[WhiteFideId "13704613"]
[BlackFideId "4122763"]
[EventDate "2014.02.01"]

1. e4 e6 2. d4 d5 3. Nd2 Nf6 4. e5 Nfd7 5. f4 c5 6. Ngf3 Be7 7. Be2 b6 8. c3 Ba6
9. Bxa6 Nxa6 10. Nf1 Nc7 11. Ne3 Nb8 12. f5 Nc6 13. O-O Qd7 14. f6 gxf6 15. exf6
Bxf6 16. Ng4 Bg7 17. Bh6 f5 18. Bxg7 Qxg7 19. Nge5 Rg8 20. Rf2 Nxe5 21. Nxe5 Nb5
22. Qa4 a6 23. Re1 Qb7 24. dxc5 bxc5 25. Nd3 Qc6 26. c4 dxc4 27. Nf4 O-O-O 28.
Rxe6 Rd6 29. Qxc4 Rgd8 30. Re5 Kb7 31. h3 Rd1+ 32. Kh2 Qd6 33. Rxc5 Rd7 34. Rxf5
Rd4 35. Qc5 Qxc5 36. Rxc5 Rf7 37. g3 Nd6 38. Rfc2 Nf5 39. Ne6 Rdd7 40. Ng5 Nd4
41. Nxf7 Nxc2 42. Rxc2 Rxf7 43. Kg2 Kb6 44. g4 Kb5 45. Kg3 Kb4 46. g5 a5 47. h4
a4 48. h5 Rf1 49. Rc7 Rg1+ 50. Kf4 Rf1+ 51. Ke5 Re1+ 52. Kf6 Rf1+ 53. Kg7 Rh1
54. Kh6 1-0

[Event "Moscow Open A 2014"]
[Site "Moscow RUS"]
[Date "2014.02.02"]
[Round "2.13"]
[White "Demchenko, Anton"]
[Black "Yuffa, Daniil"]
[Result "0-1"]
[WhiteTitle "GM"]
[BlackTitle "FM"]
[WhiteElo "2617"]
[BlackElo "2375"]
[WhiteFideId "4160258"]
[BlackFideId "24131423"]
[EventDate "2014.02.01"]

1. Nf3 Nf6 2. d4 g6 3. c4 Bg7 4. Nc3 O-O 5. e4 d6 6. h3 e5 7. d5 a5 8. Be3 Na6
9. g4 Nd7 10. a3 Nac5 11. Rg1 a4 12. Nd2 Bf6 13. g5 Be7 14. Qc2 f6 15. h4 fxg5
16. hxg5 Rf4 17. Bxf4 exf4 18. Nf3 Nb3 19. Rd1 Ndc5 20. Qe2 Bd7 21. Rh1 Bxg5 22.
Bh3 Bf6 23. Be6+ Kg7 24. e5 dxe5 25. Nxe5 Bxe6 26. dxe6 Nd4 27. e7 Qxe7 28. Rxd4
Bxe5 29. Kf1 Re8 30. Rd1 Qf7 31. Qf3 h5 32. Kg2 c6 33. Rde1 Qf5 34. Qh3 Qxh3+
35. Rxh3 Kf6 36. Ne4+ Nxe4 37. Rxe4 Kf5 38. Re2 Rd8 39. b3 Rd4 40. Rc2 g5 41.
bxa4 h4 42. f3 Rd3 43. Re2 Rxa3 44. Rh1 Bd4 45. Re8 Ra2+ 46. Kh3 Rf2 47. Rf8+
Kg6 48. Rb1 Rxf3+ 49. Kh2 Rf2+ 50. Kh1 g4 51. Rg8+ Kf5 0-1

[Event "Moscow Open A 2014"]
[Site "Moscow RUS"]
[Date "2014.02.02"]
[Round "2.14"]
[White "Harutyunian, Tigran K."]
[Black "Amonatov, Farrukh"]
[Result "1/2-1/2"]
[WhiteTitle "FM"]
[BlackTitle "GM"]
[WhiteElo "2405"]
[BlackElo "2613"]
[WhiteFideId "13303635"]
[BlackFideId "14700077"]
[EventDate "2014.02.01"]

1. d4 Nf6 2. c4 g6 3. Nf3 Bg7 4. g3 O-O 5. Bg2 c5 6. Nc3 cxd4 7. Nxd4 Nc6 8. O-O
d6 9. Nc2 Be6 10. b3 Qd7 11. Bb2 Bh3 12. Ne3 Bxg2 13. Kxg2 a6 14. Ned5 Nxd5 15.
cxd5 Ne5 16. h3 Qd8 17. Ne4 Rc8 18. Qd2 Qb6 19. Rfc1 Qb5 20. Rab1 Nd7 21. Bxg7
Kxg7 22. a4 Qb6 23. b4 Ne5 24. Rc3 Nd7 25. Rbc1 Rxc3 26. Qxc3+ Nf6 27. Nd2 Qd8
28. e4 Qd7 29. a5 Re8 30. Qc4 h6 31. Qc7 Qb5 32. Qc4 Qa4 33. Qd4 Qd7 34. Qc4 e6
35. dxe6 Rxe6 36. Qd4 Kh7 37. Rc4 d5 38. Rc5 Nxe4 39. Rxd5 Nd6 40. Nc4 Qc6 41.
Ne5 Qc7 1/2-1/2

[Event "Moscow Open A 2014"]
[Site "Moscow RUS"]
[Date "2014.02.02"]
[Round "2.15"]
[White "Ponkratov, Pavel"]
[Black "Sanzhaev, Darsen"]
[Result "1-0"]
[WhiteTitle "GM"]
[BlackTitle "FM"]
[WhiteElo "2611"]
[BlackElo "2374"]
[WhiteFideId "4157800"]
[BlackFideId "24120030"]
[EventDate "2014.02.01"]

1. e4 c5 2. Nf3 e6 3. d4 cxd4 4. Nxd4 a6 5. Be2 Nf6 6. Nc3 Qc7 7. O-O Bb4 8. Qd3
Nc6 9. Nxc6 bxc6 10. f4 d5 11. e5 Nd7 12. Na4 Bb7 13. Be3 c5 14. c3 c4 15. Qd2
Be7 16. b4 O-O 17. Bd4 Rae8 18. Rae1 Qc6 19. Bd1 f6 20. exf6 gxf6 21. Bh5 Qxa4
22. Rxe6 Rf7 23. Qe2 Nf8 24. Bxf7+ Kxf7 25. Re3 Ng6 26. Qh5 Kg7 27. f5 Ne5 28.
Rg3+ Kh8 29. Rh3 1-0

[Event "Moscow Open A 2014"]
[Site "Moscow RUS"]
[Date "2014.02.03"]
[Round "3.1"]
[White "Sivuk, Vitaly"]
[Black "Moiseenko, Alexander"]
[Result "1/2-1/2"]
[WhiteTitle "IM"]
[BlackTitle "GM"]
[WhiteElo "2507"]
[BlackElo "2710"]
[WhiteFideId "14116502"]
[BlackFideId "14102560"]
[EventDate "2014.02.01"]

1. e4 c5 2. Nf3 Nc6 3. c3 d5 4. exd5 Qxd5 5. d4 Bf5 6. Be3 Nf6 7. Na3 e6 8. dxc5
O-O-O 9. Nc4 Ng4 10. Qxd5 exd5 11. h3 Nxe3 12. Nxe3 Be4 13. Ng5 Bg6 14. Rd1 Bxc5
15. Rxd5 Rxd5 16. Nxd5 Re8+ 17. Ne3 Bxe3 18. fxe3 Rxe3+ 19. Kf2 Re7 20. Be2 Kc7
21. Rd1 h6 22. Nf3 Be4 23. g3 f5 24. Nd4 Nxd4 25. Rxd4 g5 26. a3 Re6 27. Bc4 Re5
28. Bf7 Bc6 29. Bc4 a5 30. b4 b6 31. Bd3 Bd7 32. Bf1 Bc6 33. Bd3 Bd7 34. Bf1 Bc6
35. Bd3 1/2-1/2

[Event "Moscow Open A 2014"]
[Site "Moscow RUS"]
[Date "2014.02.03"]
[Round "3.2"]
[White "Matlakov, Maxim"]
[Black "Khusnutdinov, Rustam"]
[Result "1/2-1/2"]
[WhiteTitle "GM"]
[BlackTitle "GM"]
[WhiteElo "2690"]
[BlackElo "2491"]
[WhiteFideId "4168003"]
[BlackFideId "13701703"]
[EventDate "2014.02.01"]

1. Nf3 Nf6 2. c4 c5 3. Nc3 d5 4. cxd5 Nxd5 5. e3 Nxc3 6. bxc3 g6 7. h4 Bg7 8. h5
Nc6 9. Qb3 Qb6 10. Ng5 Qxb3 11. axb3 Bf5 12. e4 Bg4 13. f3 Bd7 14. f4 h6 15. Nf3
e5 16. hxg6 fxg6 17. fxe5 Nxe5 18. Bb2 O-O 19. Be2 Be6 20. Ra3 Nc6 21. Kd1 g5
22. Kc2 Rf4 23. Ra4 Re8 24. Bb5 Bd7 25. Bc4+ Be6 26. Bb5 Bd7 27. Bc4+ Be6 28.
Bb5 1/2-1/2

[Event "Moscow Open A 2014"]
[Site "Moscow RUS"]
[Date "2014.02.03"]
[Round "3.3"]
[White "Seliverstov, Vladimir"]
[Black "Grachev, Boris"]
[Result "0-1"]
[WhiteTitle "FM"]
[BlackTitle "GM"]
[WhiteElo "2436"]
[BlackElo "2669"]
[WhiteFideId "4192036"]
[BlackFideId "4129199"]
[EventDate "2014.02.01"]

1. d4 Nf6 2. c4 e6 3. g3 d5 4. Bg2 Bb4+ 5. Bd2 Bd6 6. Nf3 c6 7. Qc2 Nbd7 8. O-O
O-O 9. Rd1 Ne4 10. Bc3 Qe7 11. Nbd2 f5 12. Ne5 Ndf6 13. Nd3 b6 14. b4 Ba6 15. c5
Bc7 16. a4 bxc5 17. bxc5 Ng4 18. Nf3 f4 19. Be1 fxg3 20. hxg3 Qe8 21. Bh3 Qh5
22. Bxg4 Qxg4 23. Kg2 Bxd3 24. Rxd3 Rf6 25. Ng1 Qh5 0-1

[Event "Moscow Open A 2014"]
[Site "Moscow RUS"]
[Date "2014.02.03"]
[Round "3.4"]
[White "Popov, Ivan RUS"]
[Black "Pavlov, Sergey2"]
[Result "1-0"]
[WhiteTitle "GM"]
[BlackTitle "IM"]
[WhiteElo "2653"]
[BlackElo "2485"]
[WhiteFideId "4170350"]
[BlackFideId "14114330"]
[EventDate "2014.02.01"]

1. e4 c5 2. Nf3 e6 3. d4 cxd4 4. Nxd4 Nf6 5. Nc3 Nc6 6. g3 Qb6 7. Nb3 Bb4 8. Be3
Qc7 9. Bg2 Ne5 10. Qd4 Bxc3+ 11. bxc3 Nc4 12. e5 Nxe3 13. fxe3 Nd5 14. Bxd5 exd5
15. O-O O-O 16. Qxd5 Qc6 17. e4 b6 18. Nd4 Qxd5 19. exd5 Ba6 20. Rfe1 Rfc8 21.
Re3 Rc5 22. d6 Rac8 23. a4 Rxc3 24. Rxc3 Rxc3 25. Nb5 Rxc2 26. Nxa7 g6 27. Rb1
Ra2 28. Rc1 Re2 29. Rc7 Rxe5 30. Rxd7 Bc4 31. Re7 Rd5 32. d7 1-0

[Event "Moscow Open A 2014"]
[Site "Moscow RUS"]
[Date "2014.02.03"]
[Round "3.5"]
[White "Simonian, Tigran"]
[Black "Bartel, Mateusz"]
[Result "1/2-1/2"]
[WhiteTitle "IM"]
[BlackTitle "GM"]
[WhiteElo "2421"]
[BlackElo "2651"]
[WhiteFideId "13303597"]
[BlackFideId "1112635"]
[EventDate "2014.02.01"]

1. d4 d5 2. c4 e6 3. Nc3 c6 4. cxd5 exd5 5. Nf3 Bf5 6. Qb3 Qb6 7. Bf4 Na6 8.
Qxb6 axb6 9. e3 Nb4 10. Kd2 Nf6 11. Ne5 Ne4+ 12. Nxe4 dxe4 13. Nc4 Nd5 14. Bd6
Be7 15. Be2 b5 16. Bxe7 Kxe7 17. Na3 Be6 18. Nc2 f5 19. f3 Nf6 20. a3 Rhd8 21.
Rac1 Rac8 22. f4 h6 23. Ke1 c5 24. Kf2 c4 25. Nb4 Ra8 26. h3 Rdc8 27. Rc3 Ra4
28. Bd1 Rxb4 29. axb4 Nd5 30. Bc2 Nxb4 31. Ra1 Nd3+ 32. Bxd3 exd3 33. b4 g5 34.
fxg5 hxg5 35. Ra5 Bd7 36. Ke1 Kd6 37. Kd2 Kd5 38. Ra7 Bc6 39. Rca3 f4 40. Ra8
Rc7 41. Rd8+ Ke4 42. exf4 gxf4 43. Kc3 Rg7 44. Ra2 Rg5 45. h4 Rh5 46. Ra1 Ke3
47. Re1+ Kf2 48. Re5 Rxh4 49. d5 Kxg2 50. dxc6 bxc6 51. Rg5+ Kf3 52. Rg6 Rh1 53.
Rxc6 Rb1 54. Rf6 Rb3+ 55. Kd2 Rb2+ 56. Kc3 Rb3+ 57. Kd2 Rb2+ 58. Kc3 Rb3+ 1/2-1/2

[Event "Moscow Open A 2014"]
[Site "Moscow RUS"]
[Date "2014.02.03"]
[Round "3.6"]
[White "Khairullin, Ildar"]
[Black "Aitbayev, Aslan"]
[Result "1-0"]
[WhiteTitle "GM"]
[BlackTitle "IM"]
[WhiteElo "2651"]
[BlackElo "2419"]
[WhiteFideId "4151348"]
[BlackFideId "13704613"]
[EventDate "2014.02.01"]

1. c4 c6 2. Nf3 d5 3. e3 Nf6 4. Nc3 e6 5. b3 Nbd7 6. Bb2 Bd6 7. Qc2 a6 8. d4 O-O
9. Be2 b5 10. O-O Rb8 11. c5 Bc7 12. Bd3 e5 13. dxe5 Nxe5 14. Nxe5 Bxe5 15. Ne2
Re8 16. Bxe5 Rxe5 17. Nd4 Qc7 18. Be2 a5 19. b4 a4 20. Rae1 Bd7 21. Qc1 Rbe8 22.
Bd1 R5e7 23. f3 Nh5 24. Bc2 g6 25. Qd2 Ng7 26. e4 dxe4 27. Rxe4 Be6 28. Qh6 Nh5
29. Rh4 Nf6 30. f4 Bg4 31. Qg5 Nd5 32. Rxg4 Ne3 33. Nf5 Nxg4 34. Nxe7+ Qxe7 35.
Qxg4 Qe3+ 36. Kh1 Qd2 37. Qd1 Qxb4 38. f5 Qxc5 39. Qd3 Qe3 40. Qd7 g5 41. f6 1-0

[Event "Moscow Open A 2014"]
[Site "Moscow RUS"]
[Date "2014.02.03"]
[Round "3.7"]
[White "Swiercz, Dariusz"]
[Black "Yandemirov, Valeri"]
[Result "1-0"]
[WhiteTitle "GM"]
[BlackTitle "GM"]
[WhiteElo "2630"]
[BlackElo "2378"]
[WhiteFideId "1126881"]
[BlackFideId "4102622"]
[EventDate "2014.02.01"]

1. e4 e5 2. Nf3 Nc6 3. Bb5 a6 4. Ba4 Nb8 5. Bb5 Nc6 6. Ba4 Nf6 7. O-O b5 8. Bb3
Bc5 9. a4 Rb8 10. d3 d6 11. c3 h6 12. axb5 axb5 13. Re1 O-O 14. h3 Re8 15. Nbd2
Be6 16. Bxe6 Rxe6 17. Nf1 d5 18. Qc2 b4 19. Ng3 bxc3 20. bxc3 d4 21. Ba3 Qf8 22.
Bb2 dxc3 23. Bxc3 Nd4 24. Bxd4 exd4 25. Rec1 Bb6 26. Qc4 Rd8 27. Ne2 Ne8 28.
Nexd4 Rf6 29. Nc6 Rdd6 30. Qb5 Rxf3 31. gxf3 Rg6+ 32. Kf1 Qd6 33. d4 Qh2 34.
Ne7+ Kh7 35. Qxe8 1-0

[Event "Moscow Open A 2014"]
[Site "Moscow RUS"]
[Date "2014.02.03"]
[Round "3.8"]
[White "Kozionov, Kirill"]
[Black "Kokarev, Dmitry"]
[Result "1/2-1/2"]
[WhiteTitle "FM"]
[BlackTitle "GM"]
[WhiteElo "2392"]
[BlackElo "2628"]
[WhiteFideId "24101729"]
[BlackFideId "4132181"]
[EventDate "2014.02.01"]

1. e4 g6 2. d4 Bg7 3. Nc3 c6 4. Be3 d5 5. Qd2 dxe4 6. Nxe4 Nd7 7. O-O-O Ngf6 8.
f3 h5 9. Bg5 Nb6 10. Ne2 Nc4 11. Qb4 Nxe4 12. fxe4 Nd6 13. e5 Ne4 14. Be3 Qb6
15. Qa3 Bf5 16. Ng3 Nxg3 17. hxg3 a5 18. Bc4 Qb4 19. Qxb4 axb4 20. Bd2 Bh6 21.
Bxh6 Rxh6 22. Kd2 O-O-O 23. c3 Rh7 24. Rdf1 Kc7 25. g4 Bxg4 26. Bxf7 Bf5 27. Bb3
bxc3+ 28. bxc3 e6 29. g4 Bxg4 30. Rf6 Rg8 31. Bxe6 Bxe6 32. Rxe6 g5 33. Rf6 h4
34. Ke3 g4 35. e6 Kd6 36. Rf7 Rh6 37. e7 Re6+ 38. Kf4 Rxe7 39. Rxe7 Kxe7 40.
Rxh4 g3 41. Rh1 g2 42. Rg1 Kd6 43. Kf3 Kd5 44. Rxg2 Rxg2 45. Kxg2 Ke4 46. Kf2
Kd3 47. Kf3 b5 48. Kf4 Kxc3 49. Ke5 b4 50. d5 cxd5 51. Kxd5 Kb2 52. Kc4 Kxa2 53.
Kxb4 1/2-1/2

[Event "Moscow Open A 2014"]
[Site "Moscow RUS"]
[Date "2014.02.03"]
[Round "3.9"]
[White "Yuffa, Daniil"]
[Black "Ponkratov, Pavel"]
[Result "1/2-1/2"]
[WhiteTitle "FM"]
[BlackTitle "GM"]
[WhiteElo "2375"]
[BlackElo "2611"]
[WhiteFideId "24131423"]
[BlackFideId "4157800"]
[EventDate "2014.02.01"]

1. d4 Nf6 2. c4 e6 3. g3 c5 4. d5 exd5 5. cxd5 d6 6. Nc3 g6 7. Bg2 Bg7 8. Nf3
O-O 9. O-O Re8 10. a4 Ne4 11. Nxe4 Rxe4 12. Nd2 Rb4 13. Ra2 Na6 14. b3 b5 15.
axb5 Nc7 16. Nc4 Nxb5 17. Bd2 a5 18. Bxb4 cxb4 19. Qd2 Nc3 20. Raa1 a4 21. Bf3
Ba6 22. Qf4 Bxc4 23. Qxc4 Rc8 24. Qf4 Be5 25. Qxb4 Rb8 26. Qc4 axb3 27. Rae1 f5
28. e4 f4 29. Bg4 Qf8 30. Be2 b2 31. Bd3 Qf7 32. Bb1 Qd7 33. Kg2 Qg4 34. f3 Qg5
35. Qc7 Rd8 36. Rf2 fxg3 37. Rxb2 gxh2+ 38. Kh1 Nxe4 39. Rg2 Ng3+ 40. Rxg3 Bxg3
41. Re7 Qxe7 42. Qxe7 Rf8 43. Qe6+ Kg7 44. Qg4 Be5 45. Be4 Rf6 46. Qh4 Rf7 47.
Kg2 Rf6 48. Bd3 Rf4 49. Qe7+ Rf7 50. Qh4 Rf4 51. Qe7+ Rf7 52. Qh4 Rf4 53. Qe7+ 1/2-1/2

[Event "Moscow Open A 2014"]
[Site "Moscow RUS"]
[Date "2014.02.03"]
[Round "3.10"]
[White "Maletin, Pavel"]
[Black "Slugin, Sergey"]
[Result "1-0"]
[WhiteTitle "GM"]
[BlackTitle "IM"]
[WhiteElo "2586"]
[BlackElo "2375"]
[WhiteFideId "4146786"]
[BlackFideId "4122569"]
[EventDate "2014.02.01"]

1. c4 c6 2. Nf3 d5 3. g3 Nf6 4. Bg2 Bg4 5. Ne5 Be6 6. cxd5 Bxd5 7. Nf3 c5 8. Nc3
Bc6 9. O-O e6 10. d3 Be7 11. e4 Nbd7 12. Qe2 O-O 13. d4 Re8 14. Rd1 Bf8 15. dxc5
Qa5 16. a3 Qxc5 17. Be3 Qh5 18. h3 Ne5 19. Nxe5 Qxe5 20. f4 Qc7 21. e5 Bxg2 22.
Qxg2 Nd5 23. Nxd5 exd5 24. Rac1 Qe7 25. Rxd5 b6 26. Rcd1 Red8 27. Qd2 Rxd5 28.
Qxd5 Rc8 29. Qd7 Rc7 30. Qxe7 Bxe7 31. f5 Kf8 32. Kg2 Ke8 33. Rc1 Rxc1 34. Bxc1
Kd7 35. Kf3 Kc6 36. Ke4 Kc5 37. Bd2 a5 38. Be3+ Kc6 39. a4 Bd8 40. b3 Be7 41. g4
Bd8 42. g5 Be7 43. f6 gxf6 44. gxf6 Bf8 45. Bc1 Bc5 46. Bh6 Kd7 47. Be3 1-0

[Event "Moscow Open A 2014"]
[Site "Moscow RUS"]
[Date "2014.02.03"]
[Round "3.11"]
[White "Zimin, Alexey"]
[Black "Frolyanov, Dmitry"]
[Result "1/2-1/2"]
[BlackTitle "GM"]
[WhiteElo "2216"]
[BlackElo "2577"]
[WhiteFideId "4168925"]
[BlackFideId "4151976"]
[EventDate "2014.02.01"]

1. e4 c5 2. Nf3 Nc6 3. d4 cxd4 4. Nxd4 e6 5. Nc3 d6 6. Be3 Nf6 7. Qe2 Be7 8.
O-O-O O-O 9. f4 Nxd4 10. Rxd4 Qa5 11. g4 Bd7 12. g5 Ne8 13. Bh3 b5 14. Kb1 Bd8
15. f5 b4 16. fxe6 Bxe6 17. Bxe6 fxe6 18. Nd1 Bb6 19. Rc4 d5 20. exd5 Nd6 21.
Rf4 Qxd5 22. Re1 Rxf4 23. Bxf4 Rf8 24. Ne3 Bxe3 25. Bxe3 a5 26. Bc1 Re8 27. Qe5
Kf7 28. Rf1+ Kg8 29. Re1 Kf7 30. Rf1+ Kg8 31. Re1 1/2-1/2

[Event "Moscow Open A 2014"]
[Site "Moscow RUS"]
[Date "2014.02.03"]
[Round "3.12"]
[White "Shomoev, Anton"]
[Black "Akkozov, Berik"]
[Result "1/2-1/2"]
[WhiteTitle "GM"]
[BlackTitle "IM"]
[WhiteElo "2568"]
[BlackElo "2355"]
[WhiteFideId "4135148"]
[BlackFideId "13704214"]
[EventDate "2014.02.01"]

1. c4 Nf6 2. g3 c6 3. Bg2 d5 4. Nf3 e6 5. O-O Nbd7 6. b3 Bd6 7. Nc3 O-O 8. d4
Re8 9. Nd2 e5 10. cxd5 Bb4 11. Bb2 exd4 12. Nce4 cxd5 13. a3 dxe4 14. axb4 Nf8
15. Nc4 Ne6 16. e3 b5 17. Na5 Qd5 18. f3 Ng5 19. fxe4 Nfxe4 20. h4 Bh3 21. Qxd4
Qxd4 22. exd4 Bxg2 23. Kxg2 Ne6 24. d5 Nc7 25. Rad1 Rad8 26. Nc6 Rxd5 27. Be5
Rxd1 28. Rxd1 Ne6 29. Kf3 f5 30. Rd7 Kf8 31. g4 g6 32. gxf5 gxf5 33. Nxa7 Re7
34. Rxe7 Kxe7 35. Nxb5 Nd2+ 36. Ke3 Nxb3 37. Nc3 Nf8 38. Ne2 Ke6 39. Bg3 Kd5 40.
Kd3 Ne6 41. Bf2 f4 42. Nc3+ Ke5 43. h5 Nbd4 44. b5 Nxb5 45. Nxb5 Kf5 46. Nd6+
Kg5 47. Ke4 Ng7 48. h6 Kxh6 49. Kxf4 Kg6 50. Ke5 Kg5 51. Ne4+ Kg4 52. Nf6+ Kf3
53. Be1 h5 54. Bh4 Kg2 55. Ne4 Kh3 56. Bf6 h4 57. Kf4 Nh5+ 58. Kf3 Nxf6 59. Nxf6
Kh2 60. Kf2 Kh3 61. Kf3 Kh2 62. Ne4 Kg1 63. Kg4 Kf1 64. Kxh4 1/2-1/2

[Event "Moscow Open A 2014"]
[Site "Moscow RUS"]
[Date "2014.02.03"]
[Round "3.13"]
[White "Geller, Jakov"]
[Black "Soumya, Swaminathan"]
[Result "0-1"]
[WhiteTitle "GM"]
[BlackTitle "WGM"]
[WhiteElo "2536"]
[BlackElo "2264"]
[WhiteFideId "4151984"]
[BlackFideId "5016193"]
[EventDate "2014.02.01"]

1. e4 c5 2. Nf3 d6 3. d4 cxd4 4. Nxd4 Nf6 5. Nc3 Nc6 6. Bg5 e6 7. Qd2 a6 8.
O-O-O Bd7 9. f4 b5 10. Bxf6 gxf6 11. Kb1 Qb6 12. Nxc6 Bxc6 13. f5 Qc5 14. Qe1
Ra7 15. fxe6 fxe6 16. Qh4 Bg7 17. Ne2 Rc7 18. Nd4 Bd7 19. Be2 e5 20. Bh5+ Ke7
21. Qg3 Bh6 22. Qb3 Qc4 23. Ne2 Qxb3 24. axb3 b4 25. Rhf1 Be6 26. Rd3 Rhc8 27.
c4 bxc3 28. Nxc3 Bxb3 29. Nd5+ Bxd5 30. Rxd5 Rc2 31. Rf3 Rxg2 32. Rb3 Rc7 33.
Rb6 Be3 34. Rbxd6 Rb7 35. Ka1 Bd4 0-1

[Event "Moscow Open A 2014"]
[Site "Moscow RUS"]
[Date "2014.02.03"]
[Round "3.14"]
[White "Gavrilov, Alexei1"]
[Black "Krasenkow, Michal"]
[Result "1-0"]
[WhiteTitle "GM"]
[BlackTitle "GM"]
[WhiteElo "2456"]
[BlackElo "2638"]
[WhiteFideId "4104358"]
[BlackFideId "1113100"]
[EventDate "2014.02.01"]

1. d4 Nf6 2. c4 d6 3. Nf3 c6 4. Nc3 Bf5 5. Bf4 Nbd7 6. e3 Ne4 7. Bd3 Nxc3 8.
bxc3 Bxd3 9. Qxd3 e6 10. O-O Be7 11. Rfb1 b6 12. e4 O-O 13. a4 c5 14. a5 bxa5
15. Rb5 a6 16. Rbxa5 Qb6 17. h3 Rfd8 18. Qc2 h6 19. Qa2 e5 20. Be3 Nf6 21. dxc5
dxc5 22. Nd2 Nh5 23. Rxa6 Rxa6 24. Qxa6 Qb2 25. Nf3 Qxc3 26. Rc1 Qd3 27. Nxe5
Qxe4 28. Nc6 Re8 29. Nxe7+ Rxe7 30. Qc8+ Kh7 31. Qxc5 Nf4 32. Bxf4 Qxf4 33. Qa3
Qd2 34. Qa1 Re2 35. Rf1 Qf4 36. Qc3 Qe4 37. Rc1 f5 38. Kf1 Ra2 39. Qe3 Qc6 40.
c5 Qb5+ 41. Kg1 Ra6 42. Qf3 Qd7 43. c6 Qc8 44. c7 Rf6 45. Qd5 Rf8 46. Qd6 Re8
47. Kh2 Qb7 48. Qd7 1-0

[Event "Moscow Open A 2014"]
[Site "Moscow RUS"]
[Date "2014.02.03"]
[Round "3.15"]
[White "Amonatov, Farrukh"]
[Black "Saiyn, Zhanat"]
[Result "1/2-1/2"]
[WhiteTitle "GM"]
[BlackTitle "FM"]
[WhiteElo "2613"]
[BlackElo "2395"]
[WhiteFideId "14700077"]
[BlackFideId "13703820"]
[EventDate "2014.02.01"]

1. e4 c5 2. Nf3 e6 3. d4 cxd4 4. Nxd4 Nc6 5. Nc3 Qc7 6. Be3 a6 7. Qd2 Nf6 8.
O-O-O Be7 9. f3 b5 10. g4 Nxd4 11. Bxd4 Bb7 12. Kb1 O-O 13. Bd3 Rac8 14. Qf2 d6
15. h4 Nd7 16. g5 b4 17. Ne2 d5 18. exd5 Bxd5 19. Ng3 Bc5 20. Ne4 Bxd4 21. Qxd4
Ne5 22. Qxb4 Nxd3 23. cxd3 Qc2+ 24. Ka1 Rfd8 25. Rhf1 a5 26. Qd2 Qa4 27. Nc3
Qxh4 28. f4 Qh3 29. Rf2 Bb7 30. Re2 Ba6 31. Re3 Qg4 32. Ne2 Rd5 33. Nc3 Rd4 34.
Ne2 Rd5 35. Nc3 Rd4 36. Ne2 1/2-1/2

[Event "Moscow Open A 2014"]
[Site "Moscow RUS"]
[Date "2014.02.04"]
[Round "4.1"]
[White "Grachev, Boris"]
[Black "Swiercz, Dariusz"]
[Result "1-0"]
[WhiteTitle "GM"]
[BlackTitle "GM"]
[WhiteElo "2669"]
[BlackElo "2630"]
[WhiteFideId "4129199"]
[BlackFideId "1126881"]
[EventDate "2014.02.01"]

1. d4 Nf6 2. c4 g6 3. Nf3 Bg7 4. g3 O-O 5. Bg2 d6 6. O-O Nc6 7. Nc3 Re8 8. h3
Rb8 9. e4 e5 10. Be3 exd4 11. Nxd4 Bd7 12. Re1 a6 13. Rc1 Qc8 14. Kh2 Re5 15.
Nf3 Re8 16. Nd4 Re5 17. Nf3 Re8 18. c5 Nxe4 19. Nxe4 Rxe4 20. cxd6 cxd6 21. Ng5
Re7 22. Qxd6 Qf8 23. Qd2 Qd8 24. Ne4 Bf5 25. Qxd8+ Nxd8 26. Bg5 Re6 27. Bf4 Ra8
28. Nc5 Rxe1 29. Rxe1 Ne6 30. Bxb7 Rd8 31. Nxe6 Bxe6 32. b3 a5 33. Rc1 Bf8 34.
Bg5 Rb8 35. Bf3 a4 36. Bf4 Rb4 37. Bd2 Rb8 38. bxa4 Rb2 39. Be1 Bb4 40. Bxb4
Rxb4 41. Bd1 Bxa2 42. a5 Rb5 43. a6 Ra5 44. Be2 Be6 45. Rc2 Kg7 46. g4 g5 47.
Kg3 h6 48. Rc3 Ra4 49. Bd3 Kf6 50. Kf3 Ke5 51. Ke3 Ra5 52. f3 Ra1 53. Be2 Ra5
54. Rc2 Ra3+ 55. Kf2 Kf6 56. Kg3 Ra1 57. h4 gxh4+ 58. Kxh4 h5 59. gxh5 Rh1+ 60.
Kg3 Rxh5 61. Rb2 Ra5 62. Rb7 Ra2 63. a7 Bd5 64. Rb6+ Ke7 65. Ba6 Kd7 66. f4 Kc7
67. Rf6 Rg2+ 68. Kh4 Rg8 69. Rf5 Be6 70. Rb5 Ra8 71. Rb7+ Kd6 72. Rb6+ Kc7 73.
Rb7+ Kd6 74. Bb5 Kc5 75. Be2 Kd4 76. Bf3 Ke3 77. Rb3+ Bxb3 78. Bxa8 1-0